000 01186nam0a2200301 4500
001 RU\NLR\bibl\56219
005 20250616085836.0
010 _a5-7680-1449-7
_9800
021 _aRU
_b99-36556
_91801
035 _a(NLR Aleph) 000054826
090 _a295775
_c295775
100 _a19991101d1999 |||y0rusy50 ca
101 0 _arus
102 _aRU
105 _ay |||||||||
200 1 _aОсуши мои слезы
_eРассказы. Повести
_fЗалимхан Таов
210 _aНальчик
_cЭльбрус
_d1999
215 _a153, [1] с.
_d21
327 1 _aСодерж.: Сапожник Зина; Приемыш Буба; Впечатлительный Тембот; Бальзам Масхуда; Шедевр зодчества; Ни вида, ни ангидрида; Бруша; Хапупхан; Осуши мои слезы
686 _aШ6(2=К)7-4
700 1 _aТаов
_bЗ. Ш.
_gЗалимхан Шахимович
_4070
801 0 _aRU
_bNLR
_c19991101
_gPSBO
801 1 _aRU
_bNLR
_c19991101
852 _aNLR
_j99-3/13446
942 _cBOOK
980 _aNB